000 00468nam a2200181Ia 4500
005 20250603144535.0
008 250603s9999 xx 000 0 und d
020 _a9789350140536
050 _aTK 5105.35 .V47/
100 _aVerma, Brijesh.
245 0 _aATM networks: concepts and B-ISDN signalling, protocols, networking.
260 _aNew Delhi
260 _bS.K. Kataria & Sons.
260 _c2010
300 _a450 p
650 _aNew Delhi
942 _cBK
999 _c39224
_d39224